01177nam0a22002651 4500001001100000005001700011021001900028035002600047100004100073101000800114102000700122105001800129200007200147210009900219215002200318300006700340327014200407464016300549607003300712700007100745702003100816801001800847801002200865852002400887rc\415433920250611112213.0 aRUb[46-12875] a(NLR Aleph) 008172157 a20130415d1946 |||y0rusy50 ca0 arus aRU aa z |||a|1 aРодняeСтихи и поэмыf[Ил.: С. Чахирьян] aМоскваcСов. писательd1946gТип. изд-ва "Моск. рабочий" a84 с.cил.d14 aПеред загл. автор: Михаил Скуратов0 aРазделы: Родные места; Сибирская старь; Исторические стихи; Война и Родина 012001#$aРодные места$aСибирская старь$aИсторические стихи$aВойна и РодинаtВойна и Родина aСибирь (х. л.)2psbo 1aСкуратовbМ.М.f1903-gМихаил Маркелович 1aЧахирьянbС.4440 0aRUbNLRgpsbo 1aRUbELAR2rusmarc aNLRjЛ30 Г-2/1434